Financial Analysis of Wind Turbine Installation In Selected States With Specific Reference to Polices of State Gocernments (2005-2010) (Record no. 73475)

MARC details
000 -LEADER
fixed length control field 00472nam a2200133Ia 4500
008 - FIXED-LENGTH DATA ELEMENTS--GENERAL INFORMATION
fixed length control field 221007s9999 xx 000 0 und d
041 ## - LANGUAGE CODE
Language code of text/sound track or separate title eng
082 ## - DEWEY DECIMAL CLASSIFICATION NUMBER
Item number MAD
100 ## - MAIN ENTRY--PERSONAL NAME
Personal name Madhuri Ghate & [Guide Name] - C M Joshi
9 (RLIN) 103209
245 ## - TITLE STATEMENT
Title Financial Analysis of Wind Turbine Installation In Selected States With Specific Reference to Polices of State Gocernments (2005-2010)
260 ## - PUBLICATION, DISTRIBUTION, ETC. (IMPRINT)
Date of publication, distribution, etc. Jul-15
Name of publisher, distributor, etc. Savitribai Phule Pune University
Place of publication, distribution, etc. Pune
300 ## - PHYSICAL DESCRIPTION
Extent 258p
906 ## - LOCAL DATA ELEMENT F, LDF (RLIN)
b General
Holdings
Withdrawn status Lost status Damaged status Not for loan Home library Current library Date acquired Vendor Total Checkouts Full call number Barcode Date last seen Bill Date Koha item type Original Barcode
        Smt. Hiraben Nanavati Institute of Management & Research for Women Smt. Hiraben Nanavati Institute of Management & Research for Women 24/07/2015 Satya Gilani   MAD HIMR-TH0044 07/10/2022 07/10/2022 PHD Thesis TH0044